Music Quiz

Random Music Quiz

What song did Harry Styles sing this line in? Quiz Stats

 Plays Quiz not verified by Sporcle

Also try: Three-Word #1 Hits
Challenge
Share
Tweet
Embed
Score 0/40 Timer 10:00
0 Plays Today
% Correct
Story Of My Life
84.6%
Midnight Memories
83.6%
Stockholm Syndrome
81.6%
Gotta Be You
78%
I Would
77.8%
Infinity
77.5%
No Control
77%
Half A Heart
73.9%
Kiss You
73.6%
Better Than Words
73.3%
Act My Age
72.2%
Long Way Down
70.9%
Over Again
70.3%
Fireproof
70.2%
I Want
70.1%
Fool's Gold
68.3%
She's Not Afraid
67.3%
Does He Know
66.2%
Olivia
62.5%
Diana
62.4%
% Correct
Walking In The Wind
61.8%
Drag Me Down
58.2%
Happily
57.4%
Ready To Run
57.1%
Hey Angel
53.5%
I Want To Write You A Song
52.6%
Heart Attack
52.2%
AM
50.9%
Illusion
50.2%
Loved You First
49.2%
C'mon C'mon
47.8%
Save You Tonight
46.5%
18
43.7%
Tell Me A Lie
43.7%
Stole My Heart
42.8%
Change Your Ticket
42.3%
Home
41.5%
Stand Up
40.9%
Nobody Compares
35.9%
Still The One
28.4%

You're not logged in!

Compare scores with friends on all Sporcle quizzes.
OR
Log In

You Might Also Like...

Show Comments

Extras

Created Jul 4, 2016ReportNominate
Tags:One Direction

Top Quizzes Today


Score Distribution

Your Account Isn't Verified!

In order to create a playlist on Sporcle, you need to verify the email address you used during registration. Go to your Sporcle Settings to finish the process.

Report this User

Report this user for behavior that violates our Community Guidelines.

Details: